000 00235nam a2200109Ia 4500
008 190216s9999||||xx |||||||||||||| ||und||
100 _aS L Puram
245 0 _aChirikkatha Veedukal
260 _bNull
650 _aNadakam
942 _cBK
999 _c23741
_d23741